| 000 | 00348cam a2200145ua 4500 | ||
|---|---|---|---|
| 041 |
_aeng _h |
||
| 082 |
_a828.09 _bJAC/AU |
||
| 100 | _aJack, Ian . | ||
| 245 |
_aAugustan satire / _cIan Jack. _hTextual Documents |
||
| 260 |
_aLondon : _bOxford University Press , _c1964. |
||
| 300 | _a163 ; . | ||
| 504 | _a | ||
| 942 | _cBK | ||
| 999 |
_c8637 _d8637 |
||